000 00819nas a2200265 454500
001 31403
005 20260407193508.0
008 260407s1985####ag###########|||spa#d
003 AR-UNSa-BCEJYS
040 _aAR-UNSa-BCEJYS
_bspa
_cAR-UNSa-BCEJYS
080 _a34
_xDerecho
245 1 0 _aEl Derecho
_pLegislación Argentina
264 1 _aBuenos Aires :
_bEl Derecho
_c1985
310 _aFrecuencia: Irregular
041 _aspa
942 _cSER
590 _aniveau_biblio:s niveau_hierar:1
100 1 _aUniversidad Católica Argentina (UCA)
700 1 _aLópez Mosquera, Julio A.
650 _aArgentina
650 _aLegislación
650 _aJURISPRUDENCIA
650 _aDOCTRINA
856 4 1 _uhttps://biblioeco.unsa.edu.ar/pmb/images/revistas/Legislacion argentina-r15198.jpg
_yImagen de portada
_qimage/jpeg
999 _c8708
_d8708